| 000 | 00904nam a2200205 i 4500 | ||
|---|---|---|---|
| 001 | 84876 | ||
| 003 | ES-MaACL | ||
| 005 | 20230906175129.0 | ||
| 007 | t| | ||
| 008 | 041124s1982 sp ||||1| spa d | ||
| 020 | _a84-600-2654-X | ||
| 080 | _a305-055.2(091)(063) | ||
| 111 | 2 |
_aJornadas de Investigación Interdisciplinaria ( _n1ª. _d1981. _cMadrid) _9804 |
|
| 245 | 1 | 0 |
_aNuevas perspectivas sobre la mujer : _bactas de las Primeras Jornadas de Investigación Interdisciplinaria, Madrid 1981 / _corganizadas por el Seminario de Estudios de la Mujer de la Universidad Autónoma de Madrid. |
| 260 |
_aMadrid : _bUniversidad Autónoma de Madrid, Seminario de Estudios de la Mujer, _c[1982] |
||
| 300 |
_a2 v. ; _c24 cm. |
||
| 650 | 4 |
_aMujeres- _vCongresos y asambleas. _915261 |
|
| 710 | 2 |
_aUniversidad Autónoma de Madrid. _bSeminario de Estudios de la Mujer. _9174334 |
|
| 852 | 4 |
_aES-MaACL _jL-2579-80 |
|
| 999 |
_c84876 _d84876 |
||